Myšacie choroby a klávesnice

Bibliographic Details
Main Author: Malovič, Pavel, 1952- (Author)
Format: Article
Language:Slovak
ISSN:1335-4620
Subjects:

MARC

LEADER 00000nab a2200000 ar4500
001 vtls008999658
003 SK-MaSNL
005 20260304011105.0
008 070618c2007 xo er|p|||||||000 b|slo
015 |a SNBRB2007/06  |2 snkbucl 
038 |a SNKBUCL 
040 |a SNKBUCL  |b slo  |c SNKBUCL  |e AACR2 
041 0 |a slo 
044 |a xo  |c SK 
080 |a 331.45:004:331.101.1  |2 2001 
080 |a 004.353.5  |2 2001 
080 |a 331.101.1  |2 2001 
100 1 |a Malovič, Pavel,  |d 1952-  |4 aut  |9 122730 
245 1 0 |a Myšacie choroby a klávesnice  |c Pavel Malovič 
650 0 7 |a práca s počítačom  |2 snkbucl  |9 3626 
650 0 7 |a počítačové myši  |2 snkbucl  |9 1289516 
650 0 7 |a ergonómia  |2 snkbucl  |9 19132 
773 0 |t Profit  |g Č. 9 (2007), s. 52-53  |x 1335-4620 
852 |a SNK  |b KIS3GCP 
999 |c 2564539  |d 2566469